=LDR 00000nam 2200000 4500 =001 INLIS000000000061759 =005 20221108014042 =035 ##$$a 0010-1122000140 =007 ta =008 221108###########################0###### =082 ##$$a 315.959 863 11 =084 ##$$a 315.959 863 11 KOT j =245 1#$$a Jurnal kegiatan pimpinan Daerah Edisi III (Mei-Agustus 2021) =260 ##$$a Mataram :$b Bagian Protokol dan Komunikasi Pimpinan Setda Kota Mataram,$c 2020 =300 ##$$a V, 15 halaman : $b Ilustrasi ; $c 18 cm =650 #4$$a Pemerintah Daerah - Kota Mataram - Dalam Gambar =110 ##$$a Kota Mataram. Sekertariat Daerah =990 ##$$a 27842784 =990 ##$$a 463/51/2022